Où est ton mec ? 8 mots dans mots (mort subite) - Statistiques

Statistiques générales
  • Ce quiz a été pris 119 fois
  • Le résultat moyen est 6 sur 8
Answers on the Grid
Answers color-coded by a green-red scale on the quiz's grid according to % correct below.
Hu---ter
E---hé
Hu---e
An---tral
Télé---anique
Pour--asser
Entre---er
Flam---he
Reco---ncer
Electro---anicien
Res---tution
Bio---anique
Embar---ère
Ha---on
For---able
Cla---er
 
Statistiques - réponses
Réponse % Correct
Télé---anique
85%
Electro---anicien
81%
E---hé
78%
Hu---ter
78%
Bio---anique
74%
Flam---he
74%
Cla---er
59%
Ha---on
59%
Aucun quiz correspondant
Distribution des résultats
% des personnes avec chaque résultat
Percentile par nombre de réponses
Votre historique - résultats
Vous n’avez pas pris ce quiz